000 00342nam a2200145Ia 4500
005 20251222152656.0
008 251222s9999||||xx |||||||||||||| ||spa||
020 _a8432088269
082 _a863/D36
100 _aDe Tena, Torcuato Luca
245 0 _aLos Hijos de la Lluvia (a.C.)
250 _a1ra. ed.
264 _bPlaneta
942 _cLIB
999 _c28630
_d28630